Mario Briceño Iragorry (Record no. 172274)

MARC details
000 -LEADER
campo de control de longitud fija 00821nam a22002175i 4500
001 - NÚMERO DE CONTROL
campo de control 172274
003 - IDENTIFICADOR DE NÚMERO DE CONTROL
campo de control ES-MaACL
005 - FECHA Y HORA DE LA ÚLTIMA TRANSACCIÓN
campo de control 20230906214846.0
008 - DATOS DE LONGITUD FIJA--INFORMACIÓN GENERAL
campo de control de longitud fija 090623s2006 ve |||| | spa d
020 ## - NÚMERO INTERNACIONAL ESTÁNDAR DEL LIBRO
Número Internacional Estándar del Libro 980-396-268-X000
080 ## - NÚMERO DE LA CLASIFICACIÓN DECIMAL UNIVERSAL
Número de la Clasificación Decimal Universal 929 Briceño Iragorry, Mario
100 1# - ENTRADA PRINCIPAL--NOMBRE DE PERSONA
Nombre de persona Briceño Picón, Beatriz.
9 (RLIN) 140820
245 10 - MENCIÓN DEL TÍTULO
Título Mario Briceño Iragorry
Resto del título : trujillano universal que murió de mal de patria, 1947 /
Mención de responsabilidad, etc. texto, recopilación y notas: Beatriz Briceño Picón.
260 ## - PUBLICACIÓN, DISTRIBUCIÓN, ETC.
Lugar de publicación, distribución, etc. Caracas :
Nombre del editor, distribuidor, etc. Fundación Editorial el Perro y la Rana,
Fecha de publicación, distribución, etc. 2006.
300 ## - DESCRIPCIÓN FÍSICA
Extensión 73 p. ;
Dimensiones 22 cm.
490 1# - MENCIÓN DE SERIE
Mención de serie Colección premios nacionales de cultura
600 14 - PUNTO DE ACCESO ADICIONAL DE MATERIA--NOMBRE DE PERSONA
Nombre de persona Briceño Irigorry, Mario.
9 (RLIN) 31684
830 0# - PUNTO DE ACCESO ADICIONAL DE SERIE-TÍTULO UNIFORME
Título uniforme Colección premios nacionales de cultura
9 (RLIN) 223277
852 ## - LOCALIZACIÓN
Ubicación ES-MaACL
Número de control de estantería 2251-F-9
itemnumber R.144170
Holdings
Estatus retirado Estado de pérdida Estado de daño No para préstamo Colección Biblioteca de origen Biblioteca actual Ubicación en estantería Fecha de adquisición Fuente de adquisición Total de préstamos Signatura topográfica completa Código de barras Visto por última vez Precio de reemplazo Tipo de ítem Koha
        Colección de folletos Biblioteca del Ateneo de Madrid Biblioteca del Ateneo de Madrid Depósito folletos 23/06/2009     2251-F-9 1180790 23/02/2023 23/02/2023 Folleto